00720nam a2200181 a 4500008004100000020001500041050001400056100002500070245009500095250001200190260003300202300001600235650001200251700002200263995009400285999001700379952014200396130410s2001 ||||||||||||||||| || u a0030291623 aQC 23 Kir aKirkpatrick, Larry D10aPhysics : a numerical world view. (4th ed.)cby Larry D. Kirkpatrick and Gerald F. Wheeler a4th ed. aFlorida:bHarcourt incc2001 a185p.: ill. 0aPHYSICS aWheeler, Gerald F FCBU-MAIN LIBRARY (Kitwe)M1UAVAILABLEWMay 10, 2013ZMain Library Open Access Collection c53594d53594 00102lcc4070a001b001cMain Library Open Access Collectiond2022-11-30l1oQC 23 Kirp743723r2026-06-30s2026-06-15w2022-11-30y002